Swedish Military Aircraft Quiz - Statistics

General Stats
  • This quiz has been taken 10 times
  • The average score is 12 of 60
Answer Stats
Picture Hint Answer % Correct
Saab JA 37 Viggen
88%
Saab JAS 39C Gripen
88%
Saab J 35 Draken
75%
Saab B 17B
50%
Saab J 21A
50%
Saab J 29A Tunnan
50%
Saab J 32B Lansen
50%
Saab B 18B
38%
FFVS J 22
38%
Reggiane J 20
25%
North American J 26
25%
Caproni B 16A
13%
Piper FPL 51A
13%
Dornier FPL 53
13%
Malmö FPL 54 Vipan
13%
Piasecki HKP 1
13%
Eurocopter HKP 10
13%
Agusta-Bell HKP 11
13%
NHIndustries HKP 14
13%
AgustaWestland HKP 15
13%
Sikorsky HKP 16
13%
Sud HKP 2
13%
Agusta-Bell HKP 3C
13%
Boeing Vertol HKP 4A
13%
Schweizer HKP 5B
13%
Agusta-Bell HKP 6B
13%
MBB HKP 9A
13%
de Havilland J 28A
13%
de Havilland J 30
13%
Supermarine J 31
13%
de Havilland J 33
13%
Hawker J 34
13%
Saab S 100B Argus
13%
Gulfstream S 102B Korpen
13%
CASA SH 89 (TP 89)
13%
Hägglunds SK 25
13%
Grob SK 40
13%
Saab SK 50B Safir
13%
Saab SK 60B
13%
Scottish Aviation SK 61C (FPL 61C)
13%
Beechcraft TP 101
13%
Cessna TP 103
13%
Dornier TP 24
13%
Beechcraft TP 45
13%
de Havilland TP 46
13%
Convair TP 47
13%
English Electric TP 52
13%
Piper TP 54
13%
de Havilland Canada TP 55
13%
Noorduyn TP 78
13%
Douglas TP 79
13%
Avro TP 80
13%
Grumman TP 81
13%
Vickers TP 82
13%
Percival TP 83
13%
Lockheed TP 84
13%
Sud TP 85
13%
North American Rockwell TP 86
13%
Cessna TP 87
13%
Fairchild TP 88C
13%
No matching quizzes found
Score Distribution
Percent of People with Each Score
Percentile by Number Answered
Your Score History
You have not taken this quiz